ბათუმის შოთა რუსთაველის სახელმწიფო უნივერსიტეტის ბიბლიოთეკა

გმირთა სისხლით (ბიბ.ჩანაწერი № 39738)

000 -LEADER
fixed length control field 01112nam a2200253Ia 4500
001 - CONTROL NUMBER
control field 6343
003 - CONTROL NUMBER IDENTIFIER
control field GE_BSU
008 - FIXED-LENGTH DATA ELEMENTS--GENERAL INFORMATION
fixed length control field 181216s||||||||xx |||||||||||||| ||und||
040 ## - CATALOGING SOURCE
Transcribing agency GE_BSU
080 ## - UNIVERSAL DECIMAL CLASSIFICATION NUMBER
Universal Decimal Classification number 94(47+57),,1941-1945" :821
100 ## - MAIN ENTRY--PERSONAL NAME
Personal name ბაქრაძე,დავით.
245 ## - TITLE STATEMENT
Title გმირთა სისხლით
245 ## - TITLE STATEMENT
Remainder of title პირველი უკრ.პარტიზან.შენაერთის მონაწილის ჩანაწერები.
245 ## - TITLE STATEMENT
Statement of responsibility, etc. რედ:ლ.გეგელია;მხატვ:.ო.ვარვარიძე.
250 ## - EDITION STATEMENT
Edition statement გადამუშავებული გამოცემა.
260 ## - PUBLICATION, DISTRIBUTION, ETC.
Place of publication, distribution, etc. თბილისი.
260 ## - PUBLICATION, DISTRIBUTION, ETC.
Name of publisher, distributor, etc. ნაკადული.
260 ## - PUBLICATION, DISTRIBUTION, ETC.
Date of publication, distribution, etc. 1964.
300 ## - PHYSICAL DESCRIPTION
Extent 485გვ;ილ;1ფ.პორტრ;24სმ.
300 ## - PHYSICAL DESCRIPTION
Other physical details (მოგონებათა ფურცლები).
653 ## - INDEX TERM--UNCONTROLLED
Uncontrolled term გმირთა სისხლით
653 ## - INDEX TERM--UNCONTROLLED
Uncontrolled term ქართველი პარტიზანები დიდ სამამულო ომში.
942 ## - ADDED ENTRY ELEMENTS (KOHA)
Koha item type წიგნი
ეგზემპლარები
Withdrawn status Lost status Damaged status Not for loan Date acquired Barcode Date last seen Price effective from Koha item type
        2018-12-17 13976 2018-12-17 2018-12-17 წიგნი